Social history & African environments / (Record no. 205)

000 -LEADER
fixed length control field 01429cam a2200373 a 4500
001 - CONTROL NUMBER
control field 13436663
003 - CONTROL NUMBER IDENTIFIER
control field OSt
005 - DATE AND TIME OF LATEST TRANSACTION
control field 20140116120821.0
008 - FIXED-LENGTH DATA ELEMENTS--GENERAL INFORMATION
fixed length control field 031217s2003 enkab b s001 0 eng
010 ## - LIBRARY OF CONGRESS CONTROL NUMBER
LC control number 2003284153
015 ## - NATIONAL BIBLIOGRAPHY NUMBER
National bibliography number GBA3-X9813
020 ## - INTERNATIONAL STANDARD BOOK NUMBER
International Standard Book Number 9780852559505
035 ## - SYSTEM CONTROL NUMBER
System control number (OCoLC)ocm51993269
040 ## - CATALOGING SOURCE
Original cataloging agency UKM
Transcribing agency UKM
Modifying agency C#P
-- DLC
042 ## - AUTHENTICATION CODE
Authentication code lccopycat
043 ## - GEOGRAPHIC AREA CODE
Geographic area code f------
050 04 - LIBRARY OF CONGRESS CALL NUMBER
Classification number GF701.S63 2003
245 00 - TITLE STATEMENT
Title Social history & African environments /
Statement of responsibility, etc edited by William Beinart & JoAnn McGregor.
246 3# - VARYING FORM OF TITLE
Title proper/short title Social history and African environments
260 ## - PUBLICATION, DISTRIBUTION, ETC. (IMPRINT)
Place of publication, distribution, etc Oxford :
Name of publisher, distributor, etc James Currey ;
Place of publication, distribution, etc Athens :
Name of publisher, distributor, etc Ohio Univesity Press ;
Place of publication, distribution, etc Cape Town :
Name of publisher, distributor, etc D. Philip,
Date of publication, distribution, etc 2003.
300 ## - PHYSICAL DESCRIPTION
Extent xii, 275 p. :
Other physical details ill., map ;
Dimensions 24 cm.
440 ## - SERIES STATEMENT/ADDED ENTRY--TITLE
Title Ecology and history
504 ## - BIBLIOGRAPHY, ETC. NOTE
Bibliography, etc Includes bibliographical references and index.
505 ## - FORMATTED CONTENTS NOTE
Formatted contents note African environmental ideas and practices--Colonian science, the state & African responces--Settlers & Africans; culture & nature
650 #0 - SUBJECT ADDED ENTRY--TOPICAL TERM
Topical term or geographic name as entry element Human ecology
Geographic subdivision Africa
General subdivision History.
650 #0 - SUBJECT ADDED ENTRY--TOPICAL TERM
Topical term or geographic name as entry element Environmental policy
Geographic subdivision Africa
General subdivision History.
651 #0 - SUBJECT ADDED ENTRY--GEOGRAPHIC NAME
Geographic name Africa
General subdivision Environmental conditions.
651 #0 - SUBJECT ADDED ENTRY--GEOGRAPHIC NAME
Geographic name Africa
General subdivision Social conditions.
700 1# - ADDED ENTRY--PERSONAL NAME
Personal name Beinart, William.
700 1# - ADDED ENTRY--PERSONAL NAME
Personal name McGregor, JoAnn.
906 ## - LOCAL DATA ELEMENT F, LDF (RLIN)
a 7
b cbc
c copycat
d 2
e ncip
f 20
g y-gencatlg
942 ## - ADDED ENTRY ELEMENTS (KOHA)
Source of classification or shelving scheme
Koha item type Book
Holdings
Withdrawn status Lost status Source of classification or shelving scheme Damaged status Not for loan Home library Current library Date acquired Source of acquisition Total Checkouts Full call number Barcode Date last seen Copy number Price effective from Koha item type
          Riara University Library Riara University Library 12/10/2011 Purchase   GF701.S63 2003 1338/11 12/10/2011 C.1 12/10/2011 Book
          Riara University Library Riara University Library 12/10/2011 Purchase   GF701.S63 2003 1337/11 12/10/2011 C.3 12/10/2011 Book
          Riara University Library Riara University Library 13/10/2011 Purchase   GF701.S63 2003 1339/11 13/10/2011 C.2 13/10/2011 Book

Riara University Library,
P.O. Box 49940-00100,
Nairobi, Kenya.